000 00486 a2200169 4500
005 20260424105221.0
008 260424b |||||||| |||| 00| 0 eng d
020 _a9781009568203
040 _cSDCL
041 _2eng
_aeng
084 _aV2'N R5
100 _aDutta, Achintya Kumar
_91235613
245 _aFighting the Fever :
_bKala-azar in Eastern India, 1875–1947
260 _aNew Delhi :
_bCambridge University Press,
_c2025.
300 _axxiii, 388p.
942 _cTEXL
_2CC
999 _c1715160
_d1715160